000 00339nam a22001457a 4500
008 210429b ||||| |||| 00| 0 eng d
020 _a9780538434751
041 _aeng
080 _24th
_a004
082 _a004
100 _a28
101 _aSHKI
245 _aThe Office Procedures and Technology
_cMary E. Oliverio
942 _2udc
_cBK
999 _c56923
_d56923